Most Streamed Coldplay Song by Album - Statistics

General Stats
  • This quiz has been taken 55 times
  • The average score is 7 of 10
Answer Stats
Year Album Song % Correct
2008 Viva la Vida or Death and All His Friends Viva la Vida
98%
2002 A Rush of Blood to the Head The Scientist
94%
2000 Parachutes Yellow
94%
2014 Ghost Stories A Sky Full of Stars
77%
2005 X & Y Fix You
75%
2011 Mylo Xyloto Paradise
73%
2015 A Head Full of Dreams Hymn for the Weekend
67%
2021 Music of the Sphere My Universe
62%
2024 Moon Music feelslikeimfallinginlove
40%
2019 Everyday Life Orphans
38%
No matching quizzes found
Score Distribution
Percent of People with Each Score
Percentile by Number Answered
Your Score History
You have not taken this quiz